Human Resource Development: (Record no. 194507)

MARC details
000 -LEADER
fixed length control field 00625nam a22001817a 4500
005 - DATE AND TIME OF LATEST TRANSACTION
control field 20221227105846.0
010 ## - LCCN (DPL NO)
LC control number ENG-135945
020 ## - INTERNATIONAL STANDARD BOOK NUMBER
International Standard Book Number 9789354794797
Terms of availability 675.00
035 ## - SYSTEM CONTROL NUMBER
System control number EN-119477
037 ## - SOURCE OF ACQUISITION
Source of stock number/acquisition DBAD/PUB
082 ## - DEWEY DECIMAL CLASSIFICATION NUMBER
Classification number 330.22
100 ## - MAIN ENTRY--PERSONAL NAME
Personal name Smith, Eugene Salder
245 ## - TITLE STATEMENT
Title Human Resource Development:
Remainder of title From Theory into Practice/
Statement of responsibility, etc Eugene Sadler-Smith
260 ## - PUBLICATION, DISTRIBUTION, ETC. (IMPRINT)
Place of publication, distribution, etc New Delhi
Name of publisher, distributor, etc Sage Publication India Pvt Ltd
Date of publication, distribution, etc 2022
270 ## - ADDRESS
Address B-1/I-I Mohan Cooperative Industrial Area Mathura Road
City New Delhi
Postal code 110044
300 ## - PHYSICAL DESCRIPTION
Extent xix, 359p.
Other physical details References, Index
Dimensions 24cm(pbk)
942 ## - ADDED ENTRY ELEMENTS (KOHA)
Source of classification or shelving scheme Dewey Decimal Classification
Item type English Books
Call number suffix SMI
Classification part 330.22
Holdings
Withdrawn status Lost status Not for loan Collection code Home library Current library Date acquired Source of acquisition Cost, normal purchase price Full call number Barcode Copy number Cost, replacement price Koha item type
      Non-fiction Kasturba Gandhi Marg Kasturba Gandhi Marg 27/12/2022 DBAD/PUB 675.00 330.22 SMI EN-119477 1 675.00 English Books

© Delhi Public Library
Hit Counter
free hit counter